| 000 | 00750nam a2200241Ia 4500 | ||
|---|---|---|---|
| 001 | 1686 | ||
| 003 | GE_BSU | ||
| 008 | 181216s||||||||xx |||||||||||||| ||und|| | ||
| 020 | _a9785468001134 | ||
| 040 | _cGE_BSU | ||
| 080 | _a341(075.8) | ||
| 245 | _aПрактикум по международному праву | ||
| 245 | _bУчебное пособие для студ. | ||
| 245 | _cОтв.ред. Г.В.Игнатенко С.Ю.Марочкин О.И.Тиунов | ||
| 250 | _a3-е изд.перер. и доп. | ||
| 260 | _aМосква | ||
| 260 | _bНорма | ||
| 260 | _c2007 | ||
| 300 | _a349стр. 19см. | ||
| 541 | _h10л. | ||
| 653 | _aПрактикум по международному праву | ||
| 942 | _cBK | ||
| 999 |
_c35800 _d35800 |
||